000 00260nam a22001097a 4500
008 170126b xxu||||| |||| 00| 0 eng d
020 _a00396109
041 _aeng
080 _a61
245 _aTHE SURGICAL CLINICS OF NORTH AMERICA
_cABRAHAM, E
942 _2udc
_cBK
999 _c3702
_d3702